SAT Words HARD Click Quiz - S #24 - Daily Word Quiz! - Statistics

General Stats
  • This quiz has been taken 188 times
  • The average score is 10 of 16
Answer Stats
Hint Answer % Correct
Diligent and meticulous in moral or ethical matters Scrupulous
84%
One who receives a sum of money provided at regular intervals Stipendiary
80%
Having a pattern or structure that resembles a ladder Scalariform
75%
A mythical seal that can transform into a human Selkie
73%
Hasty and careless; lacking in attention to detail Slapdash
73%
Sordid; foul, wretched, morally repulsive Squalid
73%
Analogous; similarly suitable Semblable
70%
Stanza; division in a poem or song Strophe
67%
Relating to or characteristic of the woods or forest; wooded Sylvan
66%
An urn with a spigot to release hot water for tea Samovar
62%
Sever or separate forcefully; disunite Sunder
48%
Grooved wheel used with a rope to form a pulley Sheave
46%
Deeply worried or anxious; showing heightened concern and vigilance Solicitous
46%
Superficially plausible but actually deceptive or misleading Specious
46%
Induce someone to commit perjury or another unlawful act Suborn
44%
Man's long, fashionable outer coat or overgarment Surtout
33%
No matching quizzes found
Score Distribution
Percent of People with Each Score
Percentile by Number Answered
Your Score History
You have not taken this quiz